| 000 | 00406pab a2200169 454500 | ||
|---|---|---|---|
| 008 | 180718b2015 xxu||||| |||| 00| 0 eng d | ||
| 100 | _aPrakash, T. | ||
| 245 | _aRural - urban linkages: An overview | ||
| 260 | _c2015 | ||
| 300 | _ap.11-12. | ||
| 362 | _aFeb | ||
| 650 | _aUrban development | ||
| 650 | _aRural development | ||
| 700 | _aThirumaran, S. | ||
| 773 | _aKurukshetra | ||
| 909 | _a107123 | ||
| 999 |
_c107118 _d107118 |
||